| 000 | 00419nam a2200145 4500 | ||
|---|---|---|---|
| 999 |
_c7812 _d7812 |
||
| 003 | OSt | ||
| 005 | 20200521155751.0 | ||
| 008 | 200521b ||||| |||| 00| 0 eng d | ||
| 020 | _a9781568989860 | ||
| 082 | _a721.04BRO | ||
| 100 | _a Brownell, Blaine Erickson | ||
| 245 |
_aMaterial strategies _bInnovative applications in architecture |
||
| 260 |
_aNew York _bPrinceton Architectural Press _cJuly 2, 2013 |
||
| 942 | _2ddc | ||